| 000 | 00697nam a22002177a 4500 | ||
|---|---|---|---|
| 003 | OSt | ||
| 005 | 20240530110422.0 | ||
| 008 | 150314s2010 ua ad f b 000 0 eng d | ||
| 040 |
_aEG-CaGPL _cEG-CaGPL |
||
| 082 | 0 | 4 |
_221 _a612\ _bR H |
| 100 | 0 | _aRamzi Alnaji | |
| 245 | 1 | 0 |
_aHuman Physiology : _bfor Nurses and allied health Professions / _cPrepared by Ramzi Alnaji |
| 250 | _aed. 1 | ||
| 260 |
_aالقاهرة : _bمكتبة المجتمع العربى للنشر والتوزيع ، _c2010 . |
||
| 300 |
_a191 p. : _bill. ; _c24 cm. |
||
| 504 | _aIncludes bibliographical references. | ||
| 650 | 0 | _aPhysiology | |
| 650 | 0 | _aBodybuilding | |
| 942 |
_2ddc _cBK |
||
| 999 |
_c60682 _d60682 |
||